<?xml version="1.0" encoding="UTF-8"?>
<record
    xmlns:xsi="http://www.w3.org/2001/XMLSchema-instance"
    xsi:schemaLocation="http://www.loc.gov/MARC21/slim http://www.loc.gov/standards/marcxml/schema/MARC21slim.xsd"
    xmlns="http://www.loc.gov/MARC21/slim">

  <leader>01689nam a22003497i 4500</leader>
  <datafield tag="952" ind1=" " ind2=" ">
    <subfield code="0">0</subfield>
    <subfield code="1">0</subfield>
    <subfield code="2">ddc</subfield>
    <subfield code="4">0</subfield>
    <subfield code="7">0</subfield>
    <subfield code="8">GEN</subfield>
    <subfield code="a">FUSBC</subfield>
    <subfield code="b">FUSBC</subfield>
    <subfield code="d">2019-04-15</subfield>
    <subfield code="e">Donaci&#xF3;n</subfield>
    <subfield code="l">3</subfield>
    <subfield code="m">2</subfield>
    <subfield code="o">G232.90 AS835z</subfield>
    <subfield code="p">14490</subfield>
    <subfield code="r">2022-06-04 00:00:00</subfield>
    <subfield code="s">2022-05-21</subfield>
    <subfield code="t">Ej. 1</subfield>
    <subfield code="w">2019-04-15</subfield>
    <subfield code="y">BK</subfield>
    <subfield code="I">INV2023</subfield>
  </datafield>
  <datafield tag="999" ind1=" " ind2=" ">
    <subfield code="c">64956</subfield>
    <subfield code="d">64956</subfield>
  </datafield>
  <controlfield tag="001">768714001</controlfield>
  <controlfield tag="003">CO-MdFUSB</controlfield>
  <controlfield tag="005">20190422071330.0</controlfield>
  <controlfield tag="008">190415t2014    sp  eb|| |||| 00| 0 spa d</controlfield>
  <datafield tag="020" ind1=" " ind2=" ">
    <subfield code="a">9788415732037</subfield>
  </datafield>
  <datafield tag="040" ind1=" " ind2=" ">
    <subfield code="a">CO-MdFUSB</subfield>
    <subfield code="b">spa</subfield>
    <subfield code="c">CO-MdFUSB</subfield>
    <subfield code="d">CO-MdFUSBC</subfield>
    <subfield code="e">rda</subfield>
  </datafield>
  <datafield tag="041" ind1=" " ind2=" ">
    <subfield code="a">spa</subfield>
  </datafield>
  <datafield tag="082" ind1=" " ind2=" ">
    <subfield code="2">23</subfield>
    <subfield code="a">232.90</subfield>
    <subfield code="b">AS835</subfield>
  </datafield>
  <datafield tag="100" ind1=" " ind2=" ">
    <subfield code="a">Aslan, Reza, </subfield>
    <subfield code="e">autor</subfield>
    <subfield code="d">1972-</subfield>
  </datafield>
  <datafield tag="240" ind1=" " ind2=" ">
    <subfield code="a">Zealot: The life and times of Jesus of Nazareth</subfield>
  </datafield>
  <datafield tag="245" ind1=" " ind2="3">
    <subfield code="a">El zelote :</subfield>
    <subfield code="b">la vida y &#xE9;poca de Jes&#xFA;s de Nazaret.</subfield>
    <subfield code="c">/ Reza Aslan ; traducido por Varda Fizsbein</subfield>
  </datafield>
  <datafield tag="264" ind1=" " ind2="1">
    <subfield code="a">Argentina : </subfield>
    <subfield code="b">Indicios, </subfield>
    <subfield code="c">[2014]</subfield>
  </datafield>
  <datafield tag="264" ind1=" " ind2="4">
    <subfield code="c">&#xA9; 2014</subfield>
  </datafield>
  <datafield tag="300" ind1=" " ind2=" ">
    <subfield code="a">347 p&#xE1;ginas</subfield>
    <subfield code="c">; 23 cm</subfield>
  </datafield>
  <datafield tag="336" ind1=" " ind2=" ">
    <subfield code="2">rdacontent</subfield>
    <subfield code="a">texto</subfield>
    <subfield code="b">txt</subfield>
  </datafield>
  <datafield tag="337" ind1=" " ind2=" ">
    <subfield code="2">rdamedia</subfield>
    <subfield code="a">sin mediaci&#xF3;n</subfield>
    <subfield code="b">n</subfield>
  </datafield>
  <datafield tag="338" ind1=" " ind2=" ">
    <subfield code="2">rdacarrier</subfield>
    <subfield code="a">volumen</subfield>
    <subfield code="b">nc</subfield>
  </datafield>
  <datafield tag="504" ind1=" " ind2=" ">
    <subfield code="a">Incluye bibliograf&#xED;a (p&#xE1;ginas 313-327)</subfield>
  </datafield>
  <datafield tag="505" ind1=" " ind2=" ">
    <subfield code="g">PRIMERA PARTE: </subfield>
    <subfield code="t">Pr&#xF3;logo:</subfield>
    <subfield code="a"> Otra clase de sacrificio.  -- Un agujero en un rinc&#xF3;n. -- Rey de los jud&#xED;os. -- Vosotros sab&#xE9;is de d&#xF3;nde soy.
La cuarta filosof&#xED;a -- &#xBF;D&#xF3;nde est&#xE1; vuestra flota para surcar los mares romanos? -- A&#xF1;o uno.</subfield>
  </datafield>
  <datafield tag="505" ind1=" " ind2=" ">
    <subfield code="g">SEGUNDA PARTE:</subfield>
    <subfield code="t">Pr&#xF3;logo: </subfield>
    <subfield code="a">El celo por tu casa -- La voz que clama en el desierto. -- Seguidme.  -- Por el dedo de Dios. --- Venga a nosotros tu reino.
&#xBF;Qui&#xE9;n dec&#xED;s que soy?. -- No hay m&#xE1;s rey que C&#xE9;sar</subfield>
  </datafield>
  <datafield tag="505" ind1=" " ind2=" ">
    <subfield code="g">TERCERA PARTE:</subfield>
    <subfield code="t">Pr&#xF3;logo:</subfield>
    <subfield code="a"> Dios hecho carne. -- Si Cristo no hubiera resucitado. -- No soy un ap&#xF3;stol. -- El justo. -- Ep&#xED;logo: Dios verdadero de Dios verdadero.</subfield>
  </datafield>
  <datafield tag="563" ind1=" " ind2=" ">
    <subfield code="a">R&#xFA;stico.</subfield>
  </datafield>
  <datafield tag="600" ind1="0" ind2="7">
    <subfield code="a">Jesucristo</subfield>
    <subfield code="v">Literatura</subfield>
  </datafield>
  <datafield tag="650" ind1=" " ind2="7">
    <subfield code="9">239</subfield>
    <subfield code="a">Cristolog&#xED;a</subfield>
    <subfield code="v">Narrativa</subfield>
  </datafield>
  <datafield tag="700" ind1=" " ind2=" ">
    <subfield code="9">1640</subfield>
    <subfield code="a">Varda Fizsbein</subfield>
    <subfield code="e">traductor.</subfield>
  </datafield>
  <datafield tag="942" ind1=" " ind2=" ">
    <subfield code="c">BK</subfield>
  </datafield>
</record>
